Vainqueurs de la EFL Championship Play-off - Statistiques

Statistiques générales
  • Ce quiz a été pris 12 fois
  • Le résultat moyen est 27 sur 39
Statistiques - réponses
Saison Vainqueur % Correct
2017-2018 Fulham
100%
2019-2020 Fulham
100%
2024-2025 Sunderland
100%
1993-1994 Leicester City
92%
1995-1996 Leicester City
92%
2018-2019 Aston Villa
83%
2008-2009 Burnley
83%
1988-1989 Crystal Palace
83%
1996-1997 Crystal Palace
83%
2003-2004 Crystal Palace
83%
2012-2013 Crystal Palace
83%
2021-2022 Nottingham Forest
83%
2004-2005 West Ham United
83%
2011-2012 West Ham United
83%
2001-2002 Birmingham City
75%
2020-2021 Brentford
75%
1999-2000 Ipswich Town
75%
2022-2023 Luton Town
75%
2014-2015 Norwich City
75%
2023-2024 Southampton
75%
2010-2011 Swansea City
75%
1998-1999 Watford
75%
2005-2006 Watford
75%
1994-1995 Bolton Wanderers
67%
2000-2001 Bolton Wanderers
67%
2016-2017 Huddersfield Town
67%
2002-2003 Wolverhampton Wanderers
67%
2009-2010 Blackpool
58%
1987-1988 Middlesbrough
58%
1991-1992 Blackburn Rovers
50%
1986-1987 Charlton Athletic
50%
1997-1998 Charlton Athletic
50%
2013-2014 Queens Park Rangers
50%
2007-2008 Hull City
42%
2015-2016 Hull City
42%
1990-1991 Notts County
25%
2006-2007 Derby County
17%
1989-1990 Swindon Town
17%
1992-1993 SwindonTown
17%
Aucun quiz correspondant
Distribution des résultats
% des personnes avec chaque résultat
Percentile par nombre de réponses
Votre historique - résultats
Vous n’avez pas pris ce quiz